000 00489nam a22001817a 4500
001 TVUNI
005 20260126014645.0
008 221102s2007 vm vie d
020 _c55000
040 _aTVUNI
_eAACR2
041 0 _avie
100 1 _aĐoàn, Xuân Tiên
245 1 0 _aGiáo trình kế toán quản trị doanh nghiệp /
_cĐoàn Xuân Tiên
260 _aHà Nội :
_bTài Chính,
_c2007
300 _a437 tr. ;
_c21 cm.
942 _2ddc
_cBK
999 _c2467
_d2467
912 _a1
_bHiển Phạm